Prova d'orchestra /
שמור ב:
| מחבר ראשי: | |
|---|---|
| מחברים אחרים: | , , , , , |
| פורמט: | |
| שפה: | איטלקית |
| יצא לאור: |
Roma! :
Elle u multimedia,
2000
|
| תגים: |
אין תגיות, היה/י הראשונ/ה לתייג את הרשומה!
|
MARC
| LEADER | 00000ngm a22000007i 4500 | ||
|---|---|---|---|
| 001 | IT\ICCU\FER\0184834 | ||
| 003 | ItRI | ||
| 005 | 20260124182821.0 | ||
| 008 | 020111s2000 it |||||||||||||||k|||||c | ||
| 040 | |b ita | ||
| 041 | 7 | |a ita |2 ISO-639-2 | |
| 082 | |a 791.43 |9 CINEMA |2 19 | ||
| 130 | 0 | |a Prova d'orchestra <film ; 1979> |3 IT\ICCU\RAV\1204502 | |
| 245 | 0 | 0 | |a Prova d'orchestra / |c regia Federico Fellini ; fotografia Giseppe Rotunno ; musica Nino Rota. |
| 246 | 1 | 3 | |a Prova d'orchestra <videoregistrazione> |9 IT\ICCU\CAG\1011025 |
| 260 | |a Roma! : |b Elle u multimedia, |c 2000 | ||
| 300 | |a 1 videocassetta (VHS) (69 min.) : |b color., son. + |e 1 opuscolo (23 p.) | ||
| 500 | |a Ripr. del film del 1979., prod. Italia - Tit. dal contenitore | ||
| 500 | |a Interpreti: Baldwin Baas, Clara Colosimo, Elisabeth Labi, Ronaldo Bonacchi | ||
| 500 | |a Sceneggiatura: Federico Fellini, Brunello Rondi. | ||
| 700 | 1 | |a Fellini, Federico |0 IT\ICCU\CFIV\000288 |4 aut | |
| 700 | 1 | |a Rota, Nino |0 IT\ICCU\CFIV\031517 | |
| 700 | 1 | |a Rotunno, Giuseppe |0 IT\ICCU\CFIV\033032 | |
| 700 | 1 | |a Labi, Elisabeth |0 IT\ICCU\MILV\269509 | |
| 700 | 1 | |a Bonacchi, Ronaldo |0 IT\ICCU\RAVV\381865 | |
| 700 | 1 | |a Colosimo, Clara |0 IT\ICCU\UBOV\643651 | |
| 700 | 1 | |a Baas, Baldwin |0 IT\ICCU\UBOV\755240 | |
| 790 | 1 | |a Rota Rinaldi, Giovanni |3 IT\ICCU\DDSV\381226 |z Rota, Nino | |
| 790 | 1 | |a Rinaldi, Nini |3 IT\ICCU\SBNV\002832 |z Rota, Nino | |
| 790 | 1 | |a Rota, N. |3 IT\ICCU\SBNV\091775 |z Rota, Nino | |
| 942 | |2 ddc |c VM |n 0 | ||
| 952 | |0 0 |1 0 |4 0 |6 VO_835_000000000000000 |7 0 |9 26846 |a BO |b BO |d 2026-01-24 |i 7797 |l 0 |o VO 835 |p BO7797 |r 2026-01-24 18:28:21 |w 2026-01-24 |x [Sebina 5] [1 videocassetta] |y VM |z 1 videocassetta | ||
| 999 | |c 22711 |d 22711 | ||